000 00446pab a2200169 454500
008 180718b2006 xxu||||| |||| 00| 0 eng d
100 _aLee, Kai N.
245 _aUrban sustainability and the limits of classical environmentalism
260 _c2006
300 _ap.9-22.
362 _aApr
650 _aSustainable development
650 _aEnvironment
650 _aUrbanization
773 _aEnvironment and Urbanization
909 _a69561
999 _c69561
_d69561